000 01064cac a22002651u 4500
008 081204t2005 nyj|||||r|||| 001 0 eng d
010 _a2005285148
020 _a0471717576 (v. 1 : update : acid-free paper)
020 _a0471718386 (v. 2 : update : acid-free paper)
020 _a0471448966
082 _a657
_bKIE
_222
100 _aKieso, Donald E.
_933526
245 1 0 _aIntermediate accounting /
_cDonald E. Kieso, Jerry J. Weygandt, Terry D. Warfield.
250 _a11th ed.
260 _aHoboken, NJ :
_bWiley,
_c2005.
300 _a2 v. :
_bcol. ill. ;
_c29 cm.
500 _aFree problem solving survival guide (2 v.) available separately.
504 _aIncludes bibliographical references and index.
650 0 _aAccounting.
_933527
_2BUEsh
651 _2BUEsh
700 1 _aWarfield, Terry D.
_99037
856 4 2 _3Publisher description
_uhttp://www.loc.gov/catdir/enhancements/fy0627/2005285148-d.html
856 4 2 _3Table of contents only
_uhttp://www.loc.gov/catdir/enhancements/fy0627/2005285148-t.html
942 _cBB
_k657KIE
_2ddc
999 _c1064
_d1064